[Event "2015 Server Team Champ - Div 4, S54999"]
[Site "CCLA"]
[Date "2015.10.28"]
[Round "?"]
[White "Latta, Richard W."]
[Black "Sanchez, David A."]
[Result "0-1"]
[WhiteElo "1441"]
[BlackElo "1449"]
[Board "5"]
[WhiteTeam "Pawntastics"]
[BlackTeam "Norsemen"]

1. Nf3 Nf6 2. Nc3 g6 3. e4 d6 4. d4 Bg7 5. Bc4 c6 6. e5 dxe5 7. Nxe5 O-O 
8. Nxg6 hxg6 9. h4 Ng4 10. Qf3 Qxd4 11. b3 Qxf2+ 12. Qxf2 Bxc3+ 13. Bd2 
Nxf2 14. Bxc3 Nxh1 15. h5 gxh5 16. Kd2 Ng3 17. Re1 Rd8+ 18. Kc1 b5 19. Bd3
Bf5 20. Re3 Bxd3 21. cxd3 Nf5 22. Rh3 f6 23. Kd2 Ng7 24. Kc2 Na6 25. Bd2 
Rd5 26. Rg3 Kh7 27. a3 Rad8 28. Re3 e5 29. g4 hxg4 30. Re1 Rxd3 31. Rh1+ 
Rh3 32. Rg1 Rh2 33. Kc3 Rhxd2 34. Rh1+ Kg6 0-1

[Event "Premier Quad, S50029"]
[Site "CCLA"]
[Date "2015.02.02"]
[Round "?"]
[White "Sereni, Vincent T."]
[Black "Jones, Jan"]
[Result "1-0"]
[WhiteElo "2117"]
[BlackElo "2228"]

1. e4 d6 2. Nf3 Nf6 3. Nc3 g6 4. d4 Bg7 5. Be2 O-O 6. O-O a6 7. Re1 Nc6 8.
 Bg5 h6 9. Be3 Ng4 10. Bc1 e5 11. d5 Nd4 12. h3 Nxe2+ 13. Qxe2 Nf6 14. a4 
Bd7 15. Be3 c6 16. Qd2 cxd5 17. Nxd5 Nxd5 18. exd5 g5 19. Qb4 Bf5 20. Nd2 
Bxc2 21. Rac1 a5 22. Qb5 Bf5 23. b3 Qe7 24. Bb6 Qe8 25. Qe2 Ra6 26. Nc4 
Qd7 27. Qe3 Rc8 28. Nxa5 Bc2 29. Nc4 Bg6 30. Na3 f5 31. Rxc8+ Qxc8 32. Rc1
Qf8 33. a5 f4 34. Qd2 Ra8 35. Nb5 e4 36. Nc7 Rc8 37. Ne6 Rxc1+ 38. Qxc1 
Qf7 39. Qc4 e3 40. b4 Kh7 41. fxe3 f3 42. Qf1 Be4 43. gxf3 Qxf3 44. Qxf3 
Bxf3 45. Bd4 Bxd4 46. exd4 Bxd5 47. Nc7 1-0

[Event "2015 Server Team Ch - Div 2"]
[Site "CCLA"]
[Date "2015.10.30"]
[Round "?"]
[White "Thomas, Gerald K."]
[Black "Bedard, Eugene"]
[Result "0-1"]
[WhiteElo "1974"]
[BlackElo "1651"]
[Board "2"]
[WhiteTeam "Big Red Fuzzy"]
[BlackTeam "SchemingMind C"]

1. e4 d6 2. d4 Nf6 3. Nc3 g6 4. Nf3 Bg7 5. Be2 O-O 6. O-O c6 7. Bf4 Bg4 8.
 Qd2 Nbd7 9. Be3 Nb6 10. b3 d5 11. Ne5 Bxe2 12. Qxe2 Nxe4 13. Qe1 Nd7 14. 
Nxe4 dxe4 15. Rd1 Nxe5 16. dxe5 Qc8 17. Bc5 Qf5 18. f4 exf3 19. Bxe7 Rfe8 
20. Rxf3 Qxe5 21. Qxe5 Bxe5 22. Rd7 Rab8 23. g4 a6 24. Bf6 Bxf6 25. Rxf6 
Rf8 26. Kg2 Kg7 27. g5 h6 28. h4 Rbe8 29. Kf3 Re1 30. Rxb7 hxg5 31. hxg5 
Rf1+ 32. Ke2 Rxf6 33. gxf6+ Kxf6 34. Rb6 Rc8 35. Rxa6 Ke6 36. c4 Ke5 37. 
Ke3 f5 38. Ra7 Re8 39. Kf3 g5 40. Ra5+ Kf6 41. Rc5 g4+ 42. Kf2 f4 43. 
Rxc6+ Kf5 44. Rd6 g3+ 45. Kg2 Re2+ 46. Kf3 Rf2# 0-1

[Event "Winter Series, S50011"]
[Site "CCLA"]
[Date "2015.01.28"]
[Round "?"]
[White "Sereni, Vincent T."]
[Black "Quirk, Michael"]
[Result "1/2-1/2"]
[WhiteElo "2117"]
[BlackElo "2159"]

1. e4 g6 2. d4 Bg7 3. Nf3 d6 4. Nc3 Nf6 5. Be2 O-O 6. O-O Bg4 7. h3 Bxf3 
8. Bxf3 e5 9. d5 Nfd7 10. Be3 f5 11. exf5 gxf5 12. Be2 f4 13. Bd2 Nf6 14. 
Re1 Nbd7 15. a3 c6 16. dxc6 bxc6 17. Na4 d5 18. c4 Qe8 19. cxd5 cxd5 20. 
Rc1 Qf7 21. Qc2 Bh6 22. Qc6 Rfe8 23. Qd6 Rad8 24. Bf1 Qg6 25. Ba5 Nb6 26. 
Qb4 f3 27. Rc6 Rc8 28. Rxc8 Nxc8 29. Qb3 e4 30. Bc3 e3 31. Bxf6 Qxf6 32. 
Qxd5+ Kh8 33. Qxf3 Qh4 34. Rd1 Ne7 35. Nc3 Rf8 36. g3 Rxf3 37. gxh4 exf2+ 
38. Kg2 Rf8 39. Bd3 Be3 40. Rf1 Bd4 41. h5 Nc6 42. Be2 Ne5 43. Ne4 Rg8+ 
44. Ng3 Bxb2 45. a4 Bd4 46. Rb1 Nc6 47. Rc1 Ne7 48. Bg4 Nd5 49. Nf5 Rf8 
50. Kf1 a5 51. h6 Kg8 52. Rc6 Rxf5 53. Bxf5 Ne3+ 54. Kxf2 Nxf5+ 55. Kf3 
Ne7 56. Rc4 Bb6 57. Rf4 Ng6 58. Rf6 Bc5 59. Ke4 Bb4 60. Rf5 Ne7 61. Rf6 
Bc3 1/2-1/2

[Event "Premier Quad, S50029"]
[Site "CCLA"]
[Date "2015.02.02"]
[Round "?"]
[White "Stevens, Daniel L."]
[Black "Jones, Jan"]
[Result "0-1"]
[WhiteElo "1775"]
[BlackElo "2228"]

1. e4 d6 2. d4 Nf6 3. Nc3 g6 4. f4 Bg7 5. Nf3 O-O 6. e5 dxe5 7. fxe5 Nd5 
8. Ne4 Bf5 9. Ng3 Bg4 10. Be2 c5 11. c3 cxd4 12. Qxd4 Bxf3 13. Bxf3 e6 14.
 Bxd5 exd5 15. Bf4 Nc6 16. Qd2 Qa5 17. O-O Nxe5 18. Bh6 Nc4 19. Qg5 f6 20.
 Qh4 Bxh6 21. Qxh6 Qb6+ 22. Kh1 Ne3 23. Rf4 Qxb2 24. Rg1 Qxc3 25. Rf3 Rae8
26. Nh5 gxh5 27. g4 hxg4 28. h3 d4 0-1

[Event "2015 REGULAR QUAD, S50429"]
[Site "CCLA"]
[Date "2015.11.04"]
[Round "?"]
[White "Acosta, Errol"]
[Black "Bearce, Harold L."]
[Result "1-0"]
[WhiteElo "1494"]
[BlackElo "1111"]

1. e4 c6 2. f4 e6 3. Nf3 d5 4. e5 g6 5. d4 Bg7 6. c3 Nd7 7. Bd3 f6 8. O-O 
fxe5 9. fxe5 Ne7 10. Ng5 Nb6 11. Nf7 Qc7 12. Bg5 Kd7 13. Nxh8 Bxh8 14. Rf7
Qd8 15. Rxe7+ 1-0

[Event "Winter Series, S50061"]
[Site "CCLA"]
[Date "2015.01.28"]
[Round "?"]
[White "Acosta, Errol"]
[Black "Ritzmann, Andrew M."]
[Result "1-0"]
[WhiteElo "1494"]
[BlackElo "1333"]

1. e4 c6 2. f4 d5 3. e5 Bf5 4. Nf3 e6 5. d3 c5 6. c3 Nc6 7. Be2 Qb6 8. d4 
cxd4 9. cxd4 Nxd4 10. Nxd4 Qb4+ 11. Nc3 Bc5 12. Nxf5 exf5 13. Qa4+ Qxa4 
14. Nxa4 Be7 15. O-O Bd8 16. Bb5+ Kf8 17. Be3 Ne7 18. Rac1 g6 19. Bc5 b6 
20. Bd6 h5 21. Bc6 Rc8 22. Bd7 Rxc1 23. Rxc1 Kg7 24. e6 fxe6 25. Be5+ Kg8 
26. Bxh8 Kxh8 27. Bxe6 b5 28. Nc5 Bb6 29. Kh1 d4 30. Nd7 Bc7 31. Rxc7 d3 
32. Rc1 d2 33. Rd1 a5 34. Rxd2 a4 35. Nf6 Kg7 36. Nxh5+ Kh6 37. Ng3 Nc6 
38. Bxf5 gxf5 39. Rd6+ 1-0

[Event "2015 Server Team Ch - Div 1, S51999"]
[Site "CCLA"]
[Date "2015.10.30"]
[Round "?"]
[White "Rivas Maceda, Juan"]
[Black "Wilkinson, James P."]
[Result "1-0"]
[WhiteElo "2376"]
[BlackElo "2210"]
[Board "2"]
[WhiteTeam "SchemingMind A"]
[BlackTeam "BCCA Kings"]

1. e4 c6 2. a3 d5 3. e5 Bf5 4. Nf3 Nd7 5. d4 e6 6. Be2 h6 7. Nbd2 Ne7 8. 
c3 Ng6 9. Nf1 f6 10. exf6 Nxf6 11. Ng3 Bd6 12. Nxf5 exf5 13. O-O Qc7 14. 
c4 O-O 15. Qb3 Qf7 16. cxd5 cxd5 17. Rd1 a6 18. Bd2 Ne4 19. Bb4 Bxb4 20. 
axb4 Rfe8 21. Bd3 Nf4 22. Bf1 Rad8 23. Ne5 Qc7 24. b5 Qb6 25. Qe3 Ne6 26. 
bxa6 bxa6 27. f3 f4 28. Qd3 Nc7 29. Rac1 Rxe5 30. Rxc7 Qxc7 31. dxe5 Ng5 
32. Qxa6 Qxe5 33. Qa5 Rd6 34. Qa8+ Kf7 35. Qa4 Ne6 36. b4 Kf6 37. Kh1 Qc3 
38. h3 Rd8 39. b5 d4 40. b6 Qb2 41. Qa5 Qc3 42. Qb5 Qc5 43. Qb2 Qc3 44. 
Qb1 Qc6 45. Rc1 Qb7 46. Re1 Rd6 47. Qb5 Qxb6 48. Qe5+ Kf7 49. Qf5+ Ke7 50.
 Qg6 Kd8 51. Bc4 Nc5 52. Qe8+ Kc7 53. Bb5 Re6 54. Qf7+ Kd6 55. Rb1 Qa5 56.
 Kh2 Rf6 57. Qxg7 Qd8 58. Re1 Ne6 59. Qa7 Qc7 60. Qa8 Qc3 61. Qb8+ Qc7 62.
 Qe8 Kd5 63. Qa8+ Kd6 64. Ra1 1-0

[Event "2015  Server Team - Div 3, S53999"]
[Site "CCLA"]
[Date "2015.10.30"]
[Round "?"]
[White "Acosta, Errol"]
[Black "Ritzmann, Andrew M."]
[Result "1-0"]
[WhiteElo "1494"]
[BlackElo "1333"]
[Board "5"]
[WhiteTeam "Idaho Mountaineers"]
[BlackTeam "Knights of the Square Table"]

1. e4 c6 2. f4 d5 3. e5 Bf5 4. Nf3 e6 5. d4 c5 6. Bb5+ Nc6 7. Bxc6+ bxc6 
8. c3 Qb6 9. O-O cxd4 10. cxd4 Ne7 11. Nc3 Ng6 12. Kh1 Be7 13. b3 O-O 14. 
h3 Rfd8 15. Be3 h5 16. Ng5 Bxg5 17. fxg5 Be4 18. Qxh5 a5 19. Nxe4 dxe4 20.
 Rf6 gxf6 21. gxf6 Qa6 22. Qh6 Qf1+ 23. Rxf1 Nf4 24. Qg7# 1-0

[Event "2015 REGULAR QUAD, S50429"]
[Site "CCLA"]
[Date "2015.11.04"]
[Round "?"]
[White "Gravelle, Gary"]
[Black "Bearce, Harold L."]
[Result "1-0"]
[WhiteElo "1387"]
[BlackElo "1111"]

1. e4 c6 2. d3 e5 3. Nf3 d6 4. g3 Be7 5. Bg2 Nf6 6. O-O O-O 7. Nbd2 Bg4 8.
 Re1 Nbd7 9. h3 Be6 10. b3 d5 11. exd5 cxd5 12. Nxe5 Rc8 13. Bb2 Nxe5 14. 
Bxe5 Bd6 15. Bb2 Rc7 16. c4 dxc4 17. dxc4 Ne8 18. Nf3 Nf6 19. Ng5 h6 20. 
Nxe6 fxe6 21. Rxe6 Rd7 22. Bd5 Kh8 23. Qh5 Re8 24. Qxh6+ 1-0

[Event "2015 REGULAR QUAD, S50419"]
[Site "CCLA"]
[Date "2015.10.24"]
[Round "?"]
[White "Fullen, Peter J."]
[Black "Bearce, Harold L."]
[Result "1-0"]
[WhiteElo "1359"]
[BlackElo "1111"]

1. e4 c6 2. c4 d6 3. d4 e6 4. Nf3 Be7 5. Nc3 Nf6 6. e5 Ng8 7. Bd3 d5 8. 
Qc2 g6 9. O-O f6 10. exf6 Nxf6 11. Bxg6+ hxg6 12. Qxg6+ 1-0

[Event "2015 NA Class D Ch - Rd 1 Sect 1, S50111"]
[Site "CCLA"]
[Date "2015.04.27"]
[Round "?"]
[White "Martindale, Roger"]
[Black "Stetson, Micah P."]
[Result "0-1"]
[WhiteElo "1188"]
[BlackElo "1384"]

1. e4 c6 2. c4 d5 3. e5 d4 4. d3 c5 5. h3 Nc6 6. Nf3 g6 7. Nbd2 Bg7 8. Qe2
e6 9. a3 Nge7 10. Nb3 Qb6 11. Qc2 Nxe5 12. Bd2 O-O 13. Ba5 Qc6 14. Nxe5 
Bxe5 15. Qe2 Bg7 16. Nd2 b6 17. Qe4 bxa5 18. Qxc6 Nxc6 19. Ne4 e5 20. Nxc5
Rb8 21. b3 f5 22. g3 Re8 23. Bg2 e4 24. O-O Bf8 25. Na4 Rxb3 26. Rfb1 Rxd3
27. Bf1 Rxa3 28. c5 Rxa1 29. Rxa1 e3 30. fxe3 dxe3 31. Bc4+ Kh8 32. Nc3 
Bxc5 33. Ne2 Nd4 34. Nxd4 Bxd4 35. Kf1 Bxa1 0-1

[Event "2015 NA Class D Ch - Rd 1 Sect 1, S50111"]
[Site "CCLA"]
[Date "2015.04.27"]
[Round "?"]
[White "Martindale, Roger"]
[Black "Ritzmann, Andrew M."]
[Result "0-1"]
[WhiteElo "1188"]
[BlackElo "1346"]

1. e4 c6 2. c4 d5 3. e5 d4 4. d3 Qa5+ 5. Bd2 Qxe5+ 6. Be2 Bg4 7. f3 Be6 8.
 f4 Qc7 9. Nf3 c5 10. h3 Nf6 11. Ne5 g6 12. Qa4+ Nbd7 13. g4 Bg7 14. Na3 
O-O 15. Nb5 Qb8 16. Nxd7 Bxd7 17. O-O-O Bc6 18. Rh2 Bh6 19. g5 Bxg5 20. 
fxg5 Qxh2 21. gxf6 Qxe2 22. fxe7 Qxe7 23. Rh1 Bxh1 24. Qd1 Bc6 25. Kc2 b6 
26. Bf4 a6 27. Bd6 Qe3 28. Bxf8 Rxf8 29. Nc7 Qxh3 30. Nxa6 h5 31. Qe1 Re8 
32. Qf2 Re3 33. Qd2 Ba4+ 34. b3 Bd7 35. Nc7 Bf5 36. Nd5 Bxd3+ 37. Kb2 Re2 
38. Qxe2 Bxe2 39. Nxb6 Qc3+ 0-1

[Event "2015  Server Team - Div 3, S53999"]
[Site "CCLA"]
[Date "2015.10.30"]
[Round "?"]
[White "Tymms, J. D. M."]
[Black "Ellis, James R."]
[Result "0-1"]
[WhiteElo "1807"]
[BlackElo "2112"]
[Board "2"]
[WhiteTeam "BCCA Bishops"]
[BlackTeam "Canadian Snowbirds"]

1. e4 c6 2. c4 d5 3. exd5 cxd5 4. cxd5 Nf6 5. Nc3 Nxd5 6. Nf3 Nc6 7. Bb5 
e6 8. O-O Be7 9. d4 O-O 10. Re1 Qd6 11. a3 Rd8 12. Bd3 Nf6 13. Be3 b6 14. 
Ne4 Nxe4 15. Bxe4 Bb7 16. Rc1 Rac8 17. Qa4 a6 18. Rc3 b5 19. Qc2 b4 20. 
Rc4 h6 21. Ne5 Nxe5 22. dxe5 Qb8 23. Bxb7 Qxb7 24. axb4 Rxc4 25. Qxc4 Bxb4
26. Rc1 Bd2 27. Bxd2 Rxd2 28. b3 Rb2 29. Qc8+ Qxc8 30. Rxc8+ Kh7 31. Kf1 
Rxb3 32. Ra8 Rb1+ 33. Ke2 Ra1 34. Ra7 Kg6 35. g3 a5 36. Kd3 Ra2 37. f4 
Rxh2 0-1

[Event "Winter Series, S50011"]
[Site "CCLA"]
[Date "2015.01.28"]
[Round "?"]
[White "Sereni, Vincent T."]
[Black "Deskin, Gary"]
[Result "0-1"]
[WhiteElo "2117"]
[BlackElo "2172"]

1. e4 c6 2. Nf3 d5 3. e5 c5 4. Nc3 Nc6 5. Bb5 Bg4 6. b3 e6 7. Bxc6+ bxc6 
8. Ba3 Qb8 9. O-O Bxf3 10. Qxf3 Qxe5 11. Na4 Bd6 12. g3 Qf6 13. Qd3 Ne7 
14. Nxc5 Bxc5 15. Bxc5 O-O 16. Rae1 Rfe8 17. Qa6 Nf5 18. c3 e5 19. Re2 h5 
20. c4 d4 21. Qb7 Qg6 22. Qc7 Rac8 23. Qd7 h4 24. Rfe1 Red8 25. Qxa7 Qh5 
26. Re4 Qf3 27. gxh4 Ra8 28. Qc7 Re8 29. h5 Re6 30. Bxd4 Nxd4 31. Rxd4 
exd4 32. Rxe6 fxe6 33. a4 Rf8 34. Qg3 Qxh5 35. f4 Qd1+ 36. Kg2 Qxd2+ 37. 
Kf3 e5 0-1

[Event "2015 Server Team Ch - Div 2"]
[Site "CCLA"]
[Date "2015.10.30"]
[Round "?"]
[White "Sereni, Vincent T."]
[Black "Ellis, James R."]
[Result "1/2-1/2"]
[WhiteElo "1970"]
[BlackElo "2085"]
[Board "2"]
[WhiteTeam "Queen & Knights"]
[BlackTeam "Chairmen of the Board"]

1. e4 c6 2. Nf3 d5 3. e5 Bg4 4. d4 e6 5. Nbd2 c5 6. c3 Nc6 7. Qa4 Qc7 8. 
h3 Bxf3 9. Nxf3 cxd4 10. Nxd4 Bc5 11. Be3 Bxd4 12. cxd4 Ne7 13. Bd3 O-O 
14. O-O Qb6 15. Rfc1 f6 16. exf6 Rxf6 17. Rc5 Nf5 18. Bxf5 Rxf5 19. Qc2 
Raf8 20. Rc1 a6 21. b4 R5f7 22. a3 Ne7 23. Qd3 Qd6 24. Qd2 h6 25. R1c2 Nc6
26. a4 Qd7 27. b5 axb5 28. axb5 Na7 29. Qb4 Nc8 30. f3 Nd6 31. Bf2 Nc4 32.
 Bg3 Rc8 33. Rxc8+ Qxc8 34. b6 Qd7 35. Ra2 Qd8 36. Bc7 Qf6 37. Qc3 Qg5 38.
 Kh1 Qh4 39. Re2 Qe7 40. Qe1 Rf6 41. Ra2 Qd7 42. Ra7 Qc8 43. h4 Kh7 44. 
Qa1 Rf8 45. Qb1+ Kg8 46. Kg1 Rf7 47. Qd3 Rf5 48. Qd1 Rf7 49. Kh2 Rf5 50. 
Kg1 1/2-1/2

[Event "Winter Series, S50011"]
[Site "CCLA"]
[Date "2015.01.28"]
[Round "?"]
[White "Sereni, Vincent T."]
[Black "Jones, Jan"]
[Result "1/2-1/2"]
[WhiteElo "2117"]
[BlackElo "2228"]

1. e4 c6 2. Nf3 d5 3. e5 Bg4 4. Be2 e6 5. O-O c5 6. c4 Nc6 7. cxd5 Qxd5 8.
 Qa4 Bxf3 9. Bxf3 Qd7 10. Bxc6 Qxc6 11. Qxc6+ bxc6 12. Nc3 O-O-O 13. Ne4 
Rd5 14. f4 Be7 15. b3 f5 16. Nc3 Rd4 17. Rf3 Nh6 18. Ba3 Rxd2 19. Na4 g5 
20. Bxc5 Bxc5+ 21. Nxc5 gxf4 22. Nxe6 Re8 23. Nxf4 Rxe5 24. h3 Re4 25. Nh5
Ree2 26. Rg3 Kc7 27. Rg7+ Kd6 28. Rf1 Rxa2 29. Nf4 Re4 30. Rxh7 Ng8 31. 
Rf7 Ne7 32. Rf3 a5 33. h4 a4 34. bxa4 Raxa4 35. g3 Ra1+ 36. Rf1 Ra3 37. 
Kg2 Nd5 38. Nxd5 cxd5 39. Rf6+ Re6 40. R6xf5 d4 41. Rd1 Re2+ 42. Kh3 Ke6 
43. Rf4 Ree3 44. Rg4 d3 45. h5 Ra5 46. h6 Rh5+ 1/2-1/2

[Event "2015 Server Team Ch - Div 1, S51999"]
[Site "CCLA"]
[Date "2015.10.30"]
[Round "?"]
[White "Pinchon, Francois"]
[Black "Sherwood, Alexander"]
[Result "1-0"]
[WhiteElo "2307"]
[BlackElo "2140"]
[Board "3"]
[WhiteTeam "SchemingMind A"]
[BlackTeam "BCCA Rooks"]

1. e4 c6 2. Nc3 d5 3. Qf3 dxe4 4. Nxe4 Nd7 5. d4 Ndf6 6. c3 Nxe4 7. Qxe4 
Nf6 8. Qc2 Bg4 9. Bd3 e6 10. Ne2 Bd6 11. Ng3 e5 12. Be3 exd4 13. Bxd4 Qe7+
14. Kf1 Be6 15. Nf5 Bxf5 16. Bxf5 O-O 17. Re1 Qd8 18. Bxf6 Qxf6 19. Bxh7+ 
Kh8 20. Be4 Rfe8 21. g3 Re6 22. Kg2 Rae8 23. Re2 Bc7 24. h4 Bb6 25. h5 Kg8
26. Rhe1 Bc5 27. b4 Bb6 28. Bf3 Rxe2 29. Rxe2 Rxe2 30. Qxe2 Qd8 31. a4 a6 
32. Qe5 Kf8 33. Qf5 Qe8 34. c4 Bc7 35. b5 axb5 36. cxb5 cxb5 37. axb5 b6 
38. Bd5 Qe7 39. Bxf7 Qxf7 40. Qc8+ Qe8 41. Qxc7 Qxb5 42. Qf4+ Kg8 43. g4 
Qe8 44. Qe3 Qc6+ 45. Kg3 b5 46. g5 Qd6+ 47. Qf4 Qd8 48. g6 Kh8 49. Qe5 b4 
50. f3 Kg8 51. Qf4 Qe7 52. Qb8+ Qf8 53. Qb7 Kh8 54. Kg2 b3 55. Qxb3 Qe8 
56. Qd3 Qc8 57. Qe4 Qd8 58. Qe5 Kg8 59. Kg3 Qf8 60. Qd5+ Kh8 61. Qd7 Qb8+ 
62. Kg4 Qg8 63. h6 1-0

[Event "2015 Server Team Ch - Div 1, S51999"]
[Site "CCLA"]
[Date "2015.10.30"]
[Round "?"]
[White "Buss, Michael D."]
[Black "Wilkinson, James P."]
[Result "1/2-1/2"]
[WhiteElo "2369"]
[BlackElo "2210"]
[Board "2"]
[WhiteTeam "Pennsylvania Keystones"]
[BlackTeam "BCCA Kings"]

1. e4 c6 2. Nc3 d5 3. Qf3 dxe4 4. Nxe4 Nf6 5. Nxf6+ exf6 6. Bc4 Nd7 7. Ne2
Ne5 8. Qe4 Be7 9. Bb3 O-O 10. d4 Ng6 11. O-O Re8 12. Qd3 Bd6 13. Re1 Qc7 
14. h3 Be6 15. Be3 Nh4 16. Bxe6 fxe6 17. Qe4 Nf5 18. Bf4 Rad8 19. c3 Rd7 
20. Qf3 Rde7 21. Bxd6 Qxd6 22. Nf4 e5 23. dxe5 fxe5 24. Nh5 Rf8 25. Qg4 
Qg6 26. Qxg6 hxg6 27. Ng3 Nxg3 28. fxg3 e4 1/2-1/2

[Event "Pemier Quad, S50139"]
[Site "CCLA"]
[Date "2015.04.03"]
[Round "?"]
[White "Stroup, Jim"]
[Black "Blankenship, Jerry T."]
[Result "1-0"]
[WhiteElo "2058"]
[BlackElo "1564"]

1. e4 c6 2. Nc3 d5 3. Nf3 Bg4 4. h3 Bxf3 5. Qxf3 e6 6. d4 Nf6 7. Bd3 dxe4 
8. Nxe4 Nxe4 9. Qxe4 Nd7 10. Bd2 Nf6 11. Qe5 Bd6 12. Qe2 Nd5 13. g3 Qe7 
14. O-O-O O-O 15. Qe4 f5 16. Qf3 b5 17. Rhe1 b4 18. Kb1 Qd7 19. g4 a5 20. 
Re2 Rae8 21. Rg1 Bh2 22. Rg2 fxg4 23. Bxh7+ Kxh7 24. Qe4+ Kg8 25. Rxh2 Qd6
26. Rh1 Nf6 27. Qe3 Nd5 28. Qd3 Nf4 29. Bxf4 Qd5 30. Rd1 Rxf4 31. Re5 Qg2 
32. Qg6 1-0

[Event "2015 Server Team Ch - Div 1, S51999"]
[Site "CCLA"]
[Date "2015.10.30"]
[Round "?"]
[White "Silverman, Robert"]
[Black "Pedersen, Roger"]
[Result "0-1"]
[WhiteElo "1897"]
[BlackElo "1926"]
[Board "6"]
[WhiteTeam "Pennsylvania Keystones"]
[BlackTeam "Paul Morphy's Hair"]

1. e4 c6 2. Nc3 d5 3. Nf3 Bg4 4. h3 Bxf3 5. Qxf3 Nf6 6. d3 e6 7. Bd2 Nbd7 
8. O-O-O Qb6 9. exd5 cxd5 10. b3 Rc8 11. Na4 Qc7 12. c4 b5 13. Nc3 Qa5 14.
 Kb2 Ba3+ 15. Ka1 Bb4 16. Nb1 Bxd2 17. Rxd2 O-O 18. Rb2 bxc4 19. d4 c3 20.
 Rc2 e5 21. Rxc3 exd4 22. Rxc8 Rxc8 23. Bd3 Nc5 24. Bf5 Re8 25. Qd1 Nfe4 
26. Rf1 Rb8 27. Bxh7+ Kxh7 28. Kb2 d3 29. Qh5+ Kg8 30. Qe5 Na4+ 31. Ka1 
Rxb3 32. Rc1 Nac3 33. Nxc3 Nxc3 34. Rxc3 Qxc3+ 35. Qxc3 Rxc3 0-1

[Event "2015  Server Team - Div 3, S53999"]
[Site "CCLA"]
[Date "2015.10.30"]
[Round "?"]
[White "Vecchio, Ralph"]
[Black "Ellis, James R."]
[Result "0-1"]
[WhiteElo "1845"]
[BlackElo "2112"]
[Board "2"]
[WhiteTeam "Idaho Mountaineers"]
[BlackTeam "Canadian Snowbirds"]

1. e4 c6 2. Nf3 d5 3. d4 dxe4 4. Ne5 Nf6 5. Nc3 Nbd7 6. Be2 Nxe5 7. dxe5 
Qxd1+ 8. Bxd1 Ng4 9. Nxe4 Nxe5 10. f4 Ng4 11. Bf3 Nf6 12. Be3 Nxe4 13. 
Bxe4 g6 14. O-O-O Bg7 15. Rhf1 f5 16. Bd3 Be6 17. Bc5 Bf6 18. Rfe1 Bd5 19.
 g3 b6 20. Bd6 Kf7 21. Be5 Rad8 22. b3 Rd7 23. Bc4 Rhd8 24. Bb2 Bxb2+ 25. 
Kxb2 Bxc4 26. Rxd7 Rxd7 27. bxc4 c5 28. Kc3 Kf6 29. a4 Rd4 30. Rb1 e5 31. 
fxe5+ Kxe5 32. a5 f4 33. Re1+ Kd6 34. gxf4 Rxf4 35. a6 Rf3+ 36. Kb2 Kd7 
37. Rd1+ Kc7 38. Re1 Rf7 39. Re8 Kd7 40. Ra8 Ke6 41. Re8+ Re7 42. Rb8 g5 
43. Rd8 Kf6 44. Kc3 h5 45. Rb8 g4 46. Rf8+ Kg7 47. Rf1 Kg6 48. Rd1 h4 49. 
Rg1 Kg5 50. Kd3 g3 51. h3 Rd7+ 52. Ke4 Rd4+ 53. Ke5 Rxc4 54. Rg2 Rf4 55. 
Kd5 Rf2 0-1

[Event "Winter Series, S50011"]
[Site "CCLA"]
[Date "2015.01.28"]
[Round "?"]
[White "Quirk, Michael"]
[Black "Deskin, Gary"]
[Result "0-1"]
[WhiteElo "2159"]
[BlackElo "2172"]

1. e4 c6 2. d4 d5 3. f3 e6 4. Nc3 Bb4 5. a3 Bxc3+ 6. bxc3 dxe4 7. Qe2 c5 
8. Qxe4 Nf6 9. Qh4 cxd4 10. cxd4 Nc6 11. Ne2 h6 12. Bg5 Qa5+ 13. Bd2 Qa4 
14. Qg3 O-O 15. Bxh6 Nh5 16. Qh4 Nf6 17. c4 Ne7 18. Bg5 Nf5 19. Qf4 Nh7 
20. g4 f6 21. gxf5 fxg5 22. Qe3 exf5 23. Nc3 Qa5 24. c5 Kh8 25. Qd2 Bd7 
26. Nd5 Rae8+ 27. Be2 Qd8 28. O-O f4 29. Nc3 b6 30. Rac1 g4 31. cxb6 axb6 
32. fxg4 Ng5 33. Bf3 Qf6 34. Bg2 Qh6 35. Rf2 Bxg4 36. a4 f3 37. Bf1 Qh4 
38. a5 bxa5 39. Kh1 Re2 40. Qxe2 fxe2 41. Rxf8+ Kh7 42. Nxe2 Nf3 43. h3 
Bxh3 0-1

[Event "2015 REGULAR QUAD, S50359"]
[Site "CCLA"]
[Date "2015.08.08"]
[Round "?"]
[White "Fullen, Peter J."]
[Black "Cantrell, Dennis"]
[Result "1-0"]
[WhiteElo "1359"]
[BlackElo "1117"]

1. e4 c6 2. d4 d5 3. e5 f6 4. Bd3 fxe5 5. Qh5+ g6 6. Bxg6+ Kd7 7. Qxe5 Nf6
8. Bf7 Qc7 9. Qxc7+ Kxc7 10. Bf4+ Kd8 11. Nf3 e6 12. Bg5 Be7 13. Ne5 Nbd7 
14. Bxe6 Nxe5 15. dxe5 1-0

[Event "2015 Server Team Ch - Div 1, S51999"]
[Site "CCLA"]
[Date "2015.10.30"]
[Round "?"]
[White "Weiss, Lester P."]
[Black "Laine, Jari"]
[Result "1/2-1/2"]
[WhiteElo "2123"]
[BlackElo "2223"]
[Board "5"]
[WhiteTeam "Pennsylvania Keystones"]
[BlackTeam "Gustafson Winners"]

1. e4 c6 2. d4 d5 3. e5 c5 4. dxc5 e6 5. a3 Nc6 6. Nf3 Bxc5 7. b4 Bb6 8. 
Bb2 Nge7 9. Bd3 Ng6 10. O-O O-O 11. Re1 f6 12. exf6 gxf6 13. c4 Nf4 14. 
Bf1 dxc4 15. Bxc4 Qxd1 16. Rxd1 Kg7 17. Nc3 e5 18. Nd5 Nxd5 19. Bxd5 Rd8 
20. h3 Bf5 21. Rac1 Rac8 22. Nh4 Bg6 23. Nxg6 hxg6 24. Kf1 Rd7 25. Be6 
Rxd1+ 26. Rxd1 Rc7 27. Rd7+ Rxd7 28. Bxd7 Bd4 29. Bc1 Nd8 30. Ke2 Nf7 31. 
Be3 Bxe3 32. Kxe3 Nd6 33. Be6 Nb5 34. a4 Nd4 35. Bd5 b6 36. Kd3 Nf5 
1/2-1/2

[Event "Pemier Quad, S50139"]
[Site "CCLA"]
[Date "2015.04.03"]
[Round "?"]
[White "Vecchio, Ralph"]
[Black "Blankenship, Jerry T."]
[Result "1-0"]
[WhiteElo "1849"]
[BlackElo "1564"]

1. e4 c6 2. d4 d5 3. e5 c5 4. Nf3 Bg4 5. Be2 Nc6 6. c3 Bxf3 7. Bxf3 e6 8. 
O-O f6 9. Bf4 cxd4 10. cxd4 Qb6 11. Be3 Qxb2 12. Nd2 Bb4 13. Bg4 f5 14. 
Bh5+ g6 15. Nb3 Qa3 16. Be2 Bc3 17. Rc1 Ba5 18. Nc5 Kf7 19. Rb1 Bb4 20. 
Nxb7 Ba5 21. Nd6+ Kg7 22. Rb7+ 1-0

[Event "2015 Server Team Ch - Div 2"]
[Site "CCLA"]
[Date "2015.10.30"]
[Round "?"]
[White "Thomas, Gerald K."]
[Black "Ellis, James R."]
[Result "0-1"]
[WhiteElo "1974"]
[BlackElo "2085"]
[Board "2"]
[WhiteTeam "Big Red Fuzzy"]
[BlackTeam "Chairmen of the Board"]

1. e4 c6 2. d4 d5 3. e5 c5 4. dxc5 e6 5. Be3 Nh6 6. Bxh6 gxh6 7. Nf3 Nc6 
8. Bb5 Bxc5 9. Nc3 Bd7 10. O-O Qc7 11. Bxc6 Bxc6 12. Ne2 O-O-O 13. Ned4 
Rhg8 14. Qd2 Rg6 15. g3 Kb8 16. Rac1 Rdg8 17. c3 h5 18. c4 dxc4 19. Rxc4 
Bd5 20. Rc2 Qe7 21. Rfc1 Bb6 22. a4 a5 23. Qc3 h4 24. Nb5 Bc6 25. Kf1 hxg3
26. hxg3 Bxb5+ 27. axb5 Qd7 28. Qb3 Rg4 29. Rd2 Qe8 30. Rc4 h5 31. Kg2 
Rxc4 32. Qxc4 Rg4 33. Qd3 Rb4 34. Qh7 Rxb5 35. Qxh5 Ka7 36. Qh4 Rb4 37. 
Qh7 Rc4 38. Rc2 Rxc2 39. Qxc2 Qe7 40. Qc3 Qc7 41. Qxc7 Bxc7 42. Kf1 b5 43.
 b3 a4 44. bxa4 bxa4 45. Ke1 a3 46. Nd4 a2 47. Nb3 Bxe5 48. f4 a1=Q+ 49. 
Nxa1 Bxa1 50. Ke2 Kb6 51. Kd3 Kc5 52. g4 Kd5 53. Ke3 f5 54. gxf5 exf5 55. 
Kd3 Bf6 56. Ke3 Kc4 57. Ke2 Kd4 0-1

[Event "Premier Quad, S50449"]
[Site "CCLA"]
[Date "2015.12.09"]
[Round "?"]
[White "Haase, F. Philip"]
[Black "Pronovost, David"]
[Result "1-0"]
[WhiteElo "1813"]
[BlackElo "1731"]

1. e4 c6 2. d4 d5 3. e5 Bf5 4. Nf3 e6 5. Be2 Ne7 6. O-O Nd7 7. a4 Ng6 8. 
a5 b5 9. Ne1 Rb8 10. g4 Bxg4 11. Bxg4 Bb4 12. a6 h5 13. Be2 Be7 14. Bxh5 
Nh4 15. Ng2 Nf5 16. c3 c5 17. Ne3 g6 18. Be2 Qb6 19. Nxf5 gxf5 20. Kh1 f6 
21. f4 b4 22. Rg1 fxe5 23. dxe5 c4 24. Rg2 Bf8 25. cxb4 Qxb4 26. Nc3 Qc5 
27. Na4 Qc8 28. Be3 Rh3 29. Bxa7 Rbb3 30. Bd4 Rh8 31. a7 Qa8 32. Nc3 Nc5 
33. Ra5 Nb7 34. Rxd5 1-0